Biodegradácia PCB v prítomnosti (bio)surfaktantov a biosurfaktant-produkujúcich baktérií
Saved in:
| Main Author: | |
|---|---|
| Other Authors: | |
| Format: | Manuscript Book |
| Language: | Slovak |
| Published: |
2016
|
| Subjects: | |
| Online Access: | http://is.stuba.sk/zp/portal_zp.pl?podrobnosti=120729 |
| Tags: |
No Tags, Be the first to tag this record!
|
MARC
| LEADER | 00000ntm a22000003a 4500 | ||
|---|---|---|---|
| 001 | stuzp58223 | ||
| 003 | SK-STU | ||
| 005 | 20160719155511.3 | ||
| 007 | ta | ||
| 008 | 150427s2015----xo-----f-mn---000-0-slo-d | ||
| 040 | |a STU |b slo | ||
| 041 | 0 | |a slo | |
| 100 | 1 | |a Hrčková, Katarína |u 044000 |4 aut |U FCHPT Fakulta chemickej a potravinárskej technológie |T FCHPT Ústav biotechnológie |X 42721 |U C4000 |Y 102 |7 42721 | |
| 242 | 0 | 1 | |a Biodegradation of PCBs in the presence of (bio)surfactant and biosurfactant-producing bacteria |y eng |
| 245 | 1 | 0 | |a Biodegradácia PCB v prítomnosti (bio)surfaktantov a biosurfaktant-produkujúcich baktérií |
| 260 | |c 2016 | ||
| 650 | 4 | |a biodegradácia PCB |2 slo | |
| 650 | 4 | |a biosurfaktanty |2 slo | |
| 650 | 4 | |a Delor 103 |2 slo | |
| 650 | 4 | |a ramnolipid |2 slo | |
| 650 | 4 | |a biodegradation of PCBs |2 eng | |
| 650 | 4 | |a biosurfactants |2 eng | |
| 650 | 4 | |a Delor 103 |2 eng | |
| 650 | 4 | |a rhamnolipid |2 eng | |
| 700 | 1 | |a Dercová, Katarína |u 044000 |k Z1 |4 ths |U FCHPT Fakulta chemickej a potravinárskej technológie |T FCHPT Ústav biotechnológie |X 3334 |U C4000 |Y 102 |7 A000003334 | |
| 856 | 4 | |u http://is.stuba.sk/zp/portal_zp.pl?podrobnosti=120729 | |
| SQL | |a stuzp58223 |b DDP |c SLO |d Biodegradácia PCB v prítomnosti (bio)surfaktantov a biosurfaktant-produkujúcich baktérií |e 42721 |f Hrčková, Katarína |g 044000 |h 3334 |i Dercová, Katarína |j 20160606 |k 560 |l 04 |m http://is.stuba.sk/zp/portal_zp.pl?podrobnosti=120729 |n I-BIOTE |o 5.2.25. biotechnológie | ||